Keindahan Yang Hilang

Bibliographic Details
Main Author: Shamsuddin Jaafar
Format: Book
Published: Kuala Lumpur : DBP , 1992

MARC

LEADER 00000cam a2200000 7i4500
001 0000007426
002 000007984
005 20000330.0
020 |a 9836226583 
090 0 0 |a 899.2313   |b SHA 
100 0 |a Shamsuddin Jaafar 
245 1 0 |a Keindahan Yang Hilang   |c Shamsuddin Jaafar 
260 |a Kuala Lumpur :   |b DBP ,   |c 1992 
300 |a 97p. ;   |c 21cm. 
999 |a 055371   |b BUKU   |c PINJAMAN   |e PERPUSTAKAAN KOMUNITI PETALING JAYA